| 000 | 00747nam a2200241Ia 4500 | ||
|---|---|---|---|
| 003 | OSt | ||
| 005 | 20250728103727.0 | ||
| 008 | 221004b |||||||| |||| 00| 0 eng d | ||
| 020 | _a9780367210687 (pbk) | ||
| 037 | _cTB | ||
| 040 |
_aCRL _cCRL _beng |
||
| 041 |
_2eng _aeng |
||
| 084 |
_aO111:g(S:45) Q9 _qCRL |
||
| 100 |
_aHogan Patrick Colm Au. _932708 |
||
| 245 | 0 | _aPersonal identity and literature | |
| 260 |
_aLondon, UK : _bRoutledge, _c2019. |
||
| 300 |
_axviii,174p. _ccm. |
||
| 650 |
_a IDENTITY (PSYCHOLOGY) _9816604 |
||
| 650 |
_a PSYCHOLOGY _9816605 |
||
| 650 | _aENGLISH LITERATURE | ||
| 942 |
_hO111:g(S:45), Q9 _cTB _2cc _n0 |
||
| 999 |
_c968790 _d968790 |
||